| 000 | 00363 a2200145 4500 | ||
|---|---|---|---|
| 999 |
_c12131 _d12131 |
||
| 003 | OSt | ||
| 005 | 20240111154846.0 | ||
| 008 | 240111b ||||| |||| 00| 0 eng d | ||
| 020 | _a9780500514443 | ||
| 082 | _a728 | ||
| 100 | _aListri, Massimo | ||
| 245 | _aCasa mundi : inspirational living around the world | ||
| 260 |
_bThames and Hudson _c2008 |
||
| 942 | _2ddc | ||